| 000 | 00694nmm a2200253 a 4500 | ||
|---|---|---|---|
| 003 | AR-BaBNM | ||
| 005 | 20251128211442.0 | ||
| 008 | 174020s[ca. ||||||||||||||000 | spa|| | ||
| 040 | _cAR-BaBNM | ||
| 100 | 1 | _aRosemberg, Celia Renata | |
| 245 | 1 | 0 | _aLas aventuras de Ernestina |
| 260 |
_aBuenos Aires _bMinisterio de Educación, Ciencia y Tecnología _c[ca.2002] |
||
| 300 | _a113 p. | ||
| 521 | _aPRIMARIO | ||
| 650 | 4 | _aEDUCACION COMPENSATORIA | |
| 650 | 4 | _aLIBROS DE TEXTO | |
| 650 | 4 | _aEDUCACION MULTICULTURAL | |
| 651 | 4 | _aSalta | |
| 653 | _aEDUCACION PRIMARIA | ||
| 700 | 1 | _aBorzone de Manrique, Ana María | |
| 700 | 1 | _aFlores, Eulalia | |
| 942 | _cBK | ||
| 998 | _craquel | ||
| 999 |
_c19749 _d19749 |
||